000 00647nam a2200253Ia 4500
005 20250425162008.0
008 250425s9999 xx 000 0 und d
020 _a9684223323
041 _aspa
082 _a661
100 _aAUSTIN, GEORGE T.
245 0 _aMANUAL DE PROCESOS QUIMICOS EN LA INDUSTRIA
250 _a1A ED.
260 _aMEXICO
260 _aMéxico
_bMCGRAW-HILL
_c1988
300 _a128
500 _aTítulo Traducido: SHREVE'S CHEMICAL PROCESS INDUSTRIES
650 _aCARBON
650 _aGASES
650 _aPROCESOS QUIMICOS
650 _aPRODUCTOS QUIMICOS ORGANICOS
942 _c01
010 _a39212
999 _c220297
_d220297